Mars brand candys Quiz Stats

 Plays Quiz not verified by Sporcle

Challenge
Share
Tweet
Embed
Score 0/18 Timer 05:00
0 Plays Today
candy name % Correct
M&M's
76.9%
Snickers
74.4%
Twix
59%
Mars bar
56.4%
Milky Way
53.8%
Skittles
46.2%
Starburst
30.8%
Dove chocolate
23.1%
Orbit gum
10.3%
candy name % Correct
Life Savers
7.7%
Juicy fruit gum
2.6%
Doublemint gum
2.6%
Big Red gum
2.6%
Extra gum
2.6%
Eclipse gum
2.6%
5 gum
2.6%
Hubba Bubba gum
2.6%
Spearmint gum
0%

You're not logged in!

Compare scores with friends on all Sporcle quizzes.
Join for Free
OR
Log In

You Might Also Like...

Show Comments

Extras

Created Dec 1, 2010ReportNominate
Tags:brand, candy, mars

Top Quizzes Today


Score Distribution

Your Account Isn't Verified!

In order to create a playlist on Sporcle, you need to verify the email address you used during registration. Go to your Sporcle Settings to finish the process.

Report this User

Report this user for behavior that violates our Community Guidelines.

Details: